000 00899nam a2200253 a 4500
001 52738
003 BD-RjUL
005 20211209075843.0
008 160926r1975 bg a|||| ||| 000 0 ben d
020 _c: Tk 50.00
035 _a(BD-RjUL)52858
040 _aBD-RjUL
_bben
_cBD-RjUL
041 _aben
082 _223
_a530
_bCHB 1975
100 1 0 _aচৌধুরী, আরিফ
_9136271
245 1 0 _aব্যবহারিক পদার্থবিজ্ঞান /
_cআরিফ চৌধুরী
250 _a১ম সংস্করণ
260 _aঢাকা :
_bমল্লিক বাদার্স ;
_c১৯৭৫
300 _a৫৩৬ পৃ. :
_bচিত্র ;
_c২১ সেমি.
650 _aপদার্থ বিজ্ঞান
_9123216
650 _aPhysics
_9136272
700 _aবেগম,হোসনে আরা,
_9157715
942 _2ddc
_cBK
999 _c52738
_d52738